=LDR 00000nam 2200000 4500 =001 INLIS000000000018083 =005 20130612113249 =008 ***********************************Ind** =035 ##$$0010-061300000018083 =041 ##$$a Ind =082 ##$$a 610.73 =090 ##$$a 610.73, Kel k =100 ##$$a Keliat, Budi Anna =245 ##$$a Keperawatan jiwa, Terapi aktivitas kelompok, Dr. Budi Anna Keliat, S. KP, M.APP.SC =260 ##$$a 2005 $b Jakarta =300 ##$$a viii, 126 hlm, 21 cm =650 ##$$a Pesawat dan Keperawatan =850 ##$$a NBPNMAT =990 ##$$a 0001/BPAP-NTB/20142015